MARC

LEADER 00000nam0a2200000 4500
001 44809
005 20231031022913.0
010 |a 5724505541 
035 |a (RuTPU)RU\TPU\book\46545 
090 |a 44809 
100 |a 20021126d1990 k y0rusy50 ca 
101 0 |a rus 
102 |a RU 
105 |a a z 001zy 
200 1 |a Физика полимеров  |f Г. М. Бартенев, С. Я. Френкель 
210 |a Ленинград  |c Химия  |d 1990 
215 |a 429 с.  |c ил. 
320 |a Библиогр.: с. 410-418. 
320 |a Предм. указ.: с. 419-425. 
610 1 |a химия 
610 1 |a физика 
610 1 |a полимеры 
610 1 |a строение 
610 1 |a структура 
610 1 |a аморфные полимеры 
610 1 |a термодинамика 
610 1 |a статистическая физика 
610 1 |a релаксационные процессы 
610 1 |a электрическая релаксация 
610 1 |a фазово-агрегатные состояния 
675 |a 678  |v 3 
700 1 |a Бартенев  |b Г. М.  |g Георгий Михайлович 
701 1 |a Френкель  |b С. Я.  |g Сергей Яковлевич 
702 1 |a Ельяшевич  |b А. М.  |4 340 
801 1 |a RU  |b 63413507  |c 20021126  |g PSBO 
801 2 |a RU  |b 63413507  |c 20140916  |g PSBO 
942 |c BK